000
00324nam a2200109Ia 4500
008
200302s9999 xx 000 0 und d
100
_a
Dean Hawkes
245
_a
Architecture and Climate an Environmental History of British Architecture 1600-2000
260
_b
Routledge Taylor & Francis Group
260
_c
2012
300
_a
261
999
_c
3308
_d
3308